Chemical control to prevent sapstain and mould on rubberwood (Record no. 47768)

MARC details
000 -LEADER
fixed length control field 00405nam a2200145Ia 4500
100 ## - MAIN ENTRY--AUTHOR NAME
Personal name Wang S F
245 #0 - TITLE STATEMENT
Title Chemical control to prevent sapstain and mould on rubberwood
260 ## - PUBLICATION, DISTRIBUTION, ETC. (IMPRINT)
Name of publisher Bulletin of the Taiwan Forestry Research Institute
Year of publication 1987
300 ## - PHYSICAL DESCRIPTION
Number of Pages 295-302
500 ## - GENERAL NOTE
General note CAB CD 1990
700 ## - ADDED ENTRY--PERSONAL NAME
Personal name Hsieh T C
700 ## - ADDED ENTRY--PERSONAL NAME
Personal name Wang Y S
942 ## - ADDED ENTRY ELEMENTS (KOHA)
Koha item type Bibliography RLWO
Holdings
Withdrawn status Lost status Damaged status Not for loan Home library Current library Date acquired Serial Enumeration / chronology Koha item type
      Bibliography RRII Library RRII Library 31/12/2021 Volume 2, Issue 4 Bibliography RLWO